| 000 -LEADER |
| fixed length control field |
00475nam a22000977a 4500 |
| 008 - FIXED-LENGTH DATA ELEMENTS--GENERAL INFORMATION |
| fixed length control field |
190114b ||||| |||| 00| 0 eng d |
| 100 ## - MAIN ENTRY--AUTHOR'S NAME |
| Author's Name |
Barnes, William |
| 245 ## - TITLE STATEMENT |
| Title |
The London 1945 United Nations slogan cancellations |
| 260 ## - PUBLICATION, DISTRIBUTION, ETC. (IMPRINT) |
| Name of publisher, distributor, etc. |
Collectors Club of Kansas City |
| Date of publication, distribution, etc. |
1979 |
| 650 ## - TOPICAL TERM (Tag) |
| Topical term or geographic name |
Great Britain -- London | Postal Markings -- Slogan | 1945 | Machine Cancels | Post Offices | Collecting -- Arrangement and Mounting | Exhibits | Topical Collecting -- United Nations | Bibliographies |